000 00665nam a22002057a 4500
003 OSt
005 20251125163218.0
008 251125b |||||||| |||| 00| 0 eng d
020 _a0-7456-3107-X.
040 _aDWCL-Main lib
_cOC
082 _aCirc. 951.05 M515m 2007
100 _aMeisner, Maurice
245 _aMao Zedong :
_ba political and intellectual portait
_cMeisner, Maurice
260 _aUK :
_bPolity Press,
_cc2007.
300 _ax, 222 pages :
_bchiefly illustration ;
_c23 cm.
504 _aIncludes bibliographical references and index.
650 _21. Head of state-China-Biography.
650 _22. Mao Zedong.
942 _2ddc
_cBK-CIRC
_kCirc.
_n0
999 _c6321
_d6321